000 00435nam a2200181Ia 4500
001 1027
005 20260306140601.0
008 260306t2013||||xx |||||||||||||| ||spa||
041 _aESP
082 _a180
_bD79
100 _aLaercio, Diógenes
_eAUT
245 0 _aVidas y opiniones de los filósofos ilustres
260 _c2013
300 _a660 páginas :
_c18 cm.
650 _aGEN
654 _aCHU
942 _cLIB
_dJUS
_fJUS
_2ddc
_n
999 _c1027
_d1027